Japanische strategien oder das deutsche fuhrungs defizit

Wedi'i Gadw mewn:
Manylion Llyfryddiaeth
Prif Awdur: Dohnanyi, Klaus von
Fformat: Llyfr
Iaith:Undetermined
Cyhoeddwyd: Germany Piper 1969
Tagiau: Ychwanegu Tag
Dim Tagiau, Byddwch y cyntaf i dagio'r cofnod hwn!
Thư viện lưu trữ: Trung tâm Học liệu Trường Đại học Cần Thơ
LEADER 00438nam a2200157Ia 4500
001 CTU_79428
008 210402s9999 xx 000 0 und d
082 |a 338.9 
082 |b D656 
100 |a Dohnanyi, Klaus von 
245 0 |a Japanische strategien oder das deutsche fuhrungs defizit 
245 0 |c Klaus von Dohnanyi 
260 |a Germany 
260 |b Piper 
260 |c 1969 
980 |a Trung tâm Học liệu Trường Đại học Cần Thơ